000 00586nam a2200193Ia 4500
003 GCL
008 140319s9999 xx 000 0 ara d
040 _aGCL /
_cGCL
082 0 4 _a621.38103
_bا م
100 1 _aامين فهمى
245 1 0 _aموسوعة المصطلحات الالكترونية /
_cامين فهمى
260 _a[S.N] :
_bدار الراتب الجامعية
490 _a
650 0 4 _aدوائر المعارف
650 0 4 _aالحاسبات الالكترونية
650 0 4 _aالمعاجم
650 0 4 _aالالكترونيات
942 _2ddc
_cBK
999 _c57120
_d57120